000 01123 a2200253 4500
001 49893
005 20260407155759.0
008 260407a2004 arg spa d
003 AR-UNSa-BCEJYS
040 _aAR-UNSa-BCEJYS
_bspa
_cAR-UNSa-BCEJYS
080 _a519.83
_xTeoría de juegos
245 1 0 _aTeoría de los juegos
020 _a84-205-3726-8
264 1 _aMadrid :
_bPearson Educación
_c2004
300 _axii, 513 p.
_c24 cm.
505 _a1. Formas de representación de un juego – 2. Juegos estáticos con información completa (I) – 3. Juegos estáticos con información completa (II) – 4. Juegos dinámicos con información completa – 5. Juegos estáticos con información incompleta – 6. Juegos dinámicos con información incompleta – 7. Juegos repetidos – 8. Juegos cooperativos.
041 _aspa
942 _cBK
590 _aniveau_biblio:m niveau_hierar:0
100 1 _aPérez Navarro, Joaquín
700 1 _aJimeno Pastor, José Luis
700 1 _aCerdá Tena, Emilio
856 4 1 _uhttps://www.biblioeco.unsa.edu.ar/pmb/images/libros/L128217.jpg
_yImagen de portada
_qimage/jpeg
999 _c4907
_d4907